Kinh thánh của một người

Đã lưu trong:
Sonraí Bibleagrafaíochta
Príomhúdar: Cao Hành Kiện
Údair Eile: Thái Nguyễn Bạch Liên (dịch)
Formáid: Leabhar
Teanga:Vietnamese
Foilsithe: Thanh Hóa Nxb. Công an nhân dân 2007
Sraith:Giải Nobel văn chương năm 2000
Ábhair:
Clibeanna: Cuir Clib Leis
Gan Chlibeanna, Bí ar an gcéad duine leis an taifead seo a chlibeáil!
Thư viện lưu trữ: Mạng thư viện Đại học Đà Nẵng
LEADER 01427nam a2200361 4500
001 000005033
003 1175
005 20120507160516.0
008 110808s2007 viesd
020 |c 54000đ 
041 0 |a vie 
082 |a 895.1  |b CA-K 
100 0 |a Cao Hành Kiện 
245 0 |a Kinh thánh của một người  |c Cao Hành Kiện; Thái Nguyễn Bạch Liên dịch 
260 |a Thanh Hóa  |b Nxb. Công an nhân dân  |c 2007 
300 |a 383 tr  |c 21 cm 
490 |a Giải Nobel văn chương năm 2000 
500 |a Cuốn sách được xuất bản với sự đồng ý của ông phạm Xuân Nguyên, người được nhà văn Cao Hành Kiện đồng ý cho bản quyền dịch tác phẩm của ông từ Trung sang tiếng Việt. 
653 |a Văn học hiện đại 
653 |a Trung Quốc 
653 |a tiểu thuyết 
700 |a Thái Nguyễn Bạch Liên  |e dịch 
910 |a Nguyễn Thị Kim Oanh  |d 08/ 08/ 2011 
OWN |a LSP 
AVA |a UDN50  |b LSP  |d 895.1 CA-K  |e available  |t Error 5001 Not defined in file expand_doc_bib_avail.  |f 10  |g 0  |h N  |i 0  |k 1 
999 |a From the UDN01 
AVA |a UDN50  |b LSP  |d 895.1 CA-K  |e available  |t Error 5001 Not defined in file expand_doc_bib_avail.  |f 10  |g 0  |h N  |i 0  |k 1 
TYP |a Monograph 
TYP |a Printed language 
980 |a Mạng thư viện Đại học Đà Nẵng